06652nam a2200685 a 4500001001000000003000400010005001700014008004100031040002500072082002700097100005900124245007200183260008700255300003100342500007600373590002600449650003600475651011500511651010100626910003800727942001400765952013500779952012700914952012101041952018601162952018001348952012101528952012101649952018601770952012101956952013202077952013202209952013202341952012002473952017102593952018102764952017402945952011503119952010903234952011503343952010903458952017303567952018003740952017403920952017404094952010904268952017704377952011504554952017404669952011504843952011004958952011605068952012605184952012605310952012605436952010805562952017105670952010805841999001705949000026159OSt20240229073936.0110303s1946 dr ac r 000 0 spa d aDO-SdBNPbspacBNPHU a972.93053bT866d, 19461 aTrujillo Molina, Rafael Leónidas,d 1891-196197676410aDiscursos, mensajes y proclamas /cRafael Leonidas Trujillo Molina. aSantiago de los Caballeros, República Dominicana :bEditorial El Diario,c1946-. av. :bil.,retrs. ;c25 cm. aLa biblioteca posee los volúmenes 1, 2, 3 , 4, 5, 6, 7, 8, 9, 10 y 11 aInventariado, 2018/BT 4aDiscursos presidenciales910061 4aRepública DominicanaxPolítica y GobiernoyEra de Trujillo, 1930-1961xEnsayos, conferencias, etc.930546 4aRepública DominicanaxHistoriayEra de Trujillo, 1930-1961xEnsayos, conferencias, etc.930520 aValidado. Control de calidad. MFF 2ddccLBS1 001054708PDaGRbGRcHDd2013-07-29iLF1l0o972.93053 T866d, 1946p26159-570r2020-06-25w2020-06-25yLFPDZPréstamo en sala 00107-18PDaGRbGRcOId2018-05-07iLF1l0o972.93053 T866d, 1946p26159-580r2020-06-25w2020-06-25yLFPDZNo se presta 001054708RVaGRbGRcHDd2011-04-08iLF1l0ov. 3, e. 3p26159-110r2020-06-25w2020-06-25y4ZPréstamo en sala 001054708RVaGRbGRcHDd2011-04-08iLF1l0ov. 5 e. 3p26159-160r2020-06-25w2020-06-25y4zPerteneció a la biblioteca personal de Germán Emilio Ornes.ZPréstamo en sala 001054708RVaGRbGRcHDd2011-05-24iLF1l0ov. 6, e. 3p26159-350r2020-06-25w2020-06-25y4zPerteneció a la biblioteca personal de Martínez Boog.ZPréstamo en sala 001054708RVaGRbGRcHDd2011-05-24iLF1l0ov. 7, e. 3p26159-380r2020-06-25w2020-06-25y4ZPréstamo en sala 001054708RVaGRbGRcHDd2011-05-24iLF1l0ov. 7, e. 4p26159-390r2020-06-25w2020-06-25y4ZPréstamo en sala 001054708RVaGRbGRcHDd2011-05-24iLF1l0ov. 8, e. 3p26159-430r2020-06-25w2020-06-25y4zPerteneció a la biblioteca personal de Germán Emilio Ornes.ZPréstamo en sala 001054708RVaGRbGRcHDd2011-05-24iLF1l0ov. 8, e. 4p26159-440r2020-06-25w2020-06-25y4ZPréstamo en sala 001054708RVaGRbGRcHDd2011-05-24iLF1l0o972.93053 T866d, 1946p26159-530r2020-06-25w2020-06-25y4ZPréstamo en sala 001054708RVaGRbGRcHDd2011-05-30iLF1l0o972.93053 T866d, 1946p26159-540r2020-06-25w2020-06-25y4ZPréstamo en sala 001054708RVaGRbGRcHDd2013-07-17iLF1l0o972.93053 T866d, 1946p26159-560r2020-06-25w2020-06-25y4ZPréstamo en sala 001054708RVaGRbGRcHDd2011-03-25iLF1l0ov. 1, e. 3p26159-60r2020-06-25w2020-06-25y4ZPréstamo en sala 001050718RVaPDbPDcHDd2011-03-03iLF1l0ov. 1p26159-10r2020-06-25w2020-06-25y1zPerteneció a la biblioteca personal de German Emilio Ornes.ZNo se presta 001050718RVaPDbPDcHDd2011-04-08iLF1l0ov. 3, e. 2p26159-100r2020-06-25w2020-06-25y1zPerteneció a la biblioteca perrsonal de Germán Emilio Ornes.ZNo se presta 001050718RVaPDbPDcHDd2011-04-08iLF1l0ov. 4p26159-120r2020-06-25w2020-06-25y1zPerteneció a la biblioteca personal de Germán Emilio Ornes.ZNo se presta 001050718RVaPDbPDcHDd2011-04-08iLF1l0ov. 4, e. 2p26159-130r2020-06-25w2020-06-25y1ZNo se presta 001050718RVaPDbPDcHDd2011-04-08iLF1l0ov. 5p26159-140r2020-06-25w2020-06-25y1ZNo se presta 001050718RVaPDbPDcHDd2011-04-08iLF1l0ov. 5, e. 2p26159-150r2020-06-25w2020-06-25y1ZNo se presta 001050718RVaPDbPDcHDd2011-04-08iLF1l0ov. 6p26159-170r2020-06-25w2020-06-25y1ZNo se presta 001050718RVaPDbPDcHDd2011-03-15iLF1l0ov. 1, e. 2p26159-30r2020-06-25w2020-06-25y1zPerteneció a la biblioteca personal de Martínez Boog.ZNo se presta 001050718RVaPDbPDcHDd2011-04-14iLF1l0ov. 6, e. 2p26159-340r2020-06-25w2020-06-25y1zPerteneció a la biblioteca personal de Germán Emilio Ornes.ZNo se presta 001050718RVaPDbPDcHDd2011-05-24iLF1l0ov. 7p26159-360r2020-06-25w2020-06-25y1zPerteneció a la biblioteca personal de Germán Emilio Ornes.ZNo se presta 001050718RVaPDbPDcHDd2011-05-24iLF1l0ov. 7, e. 2p26159-370r2020-06-25w2020-06-25y1zPerteneció a la biblioteca personal de Martínez Boog.ZNo se presta 001050718RVaPDbPDcHDd2011-05-24iLF1l0ov. 8p26159-400r2020-06-25w2020-06-25y1ZNo se presta 001050718RVaPDbPDcHDd2011-05-24iLF1l0ov. 8, e. 2p26159-420r2020-06-25w2020-06-25y1zPerteneció a la biblioteca personal de German Emilio OrnesZNo se presta 001050718RVaPDbPDcHDd2011-05-24iLF1l0ov. 8, e. 5p26159-450r2020-06-25w2020-06-25y1ZNo se presta 001050718RVaPDbPDcHDd2011-05-24iLF1l0ov. 9p26159-460r2020-06-25w2020-06-25y1zPerteneció a la biblioteca personal de Germán Emilio Ornes.ZNo se presta 001050718RVaPDbPDcHDd2011-05-24iLF1l0ov. 9, e. 2p26159-470r2020-06-25w2020-06-25y1ZNo se presta 001050718RVaPDbPDcHDd2011-05-24iLF1l0ov. 11p26159-490r2020-06-25w2020-06-25y1ZNo se presta 001050718RVaPDbPDcHDd2011-05-24iLF1l0ov. 11, e. 2p26159-500r2020-06-25w2020-06-25y1ZNo se presta 001050718RVaPDbPDcHDd2011-05-24iLF1l0o972.93053 T866d, 1946p26159-510r2020-06-25w2020-06-25y1ZNo se presta 001050718RVaPDbPDcHDd2011-05-24iLF1l0o972.93053 T866d, 1946p26159-520r2020-06-25w2020-06-25y1ZNo se presta 001050718RVaPDbPDcHDd2013-04-25iLF1l0o972.93053 T866d, 1946p26159-550r2020-06-25w2020-06-25y1ZNo se presta 001050718RVaPDbPDcHDd2011-03-25iLF1l0ov. 2p26159-70r2020-06-25w2020-06-25y1ZNo se presta 001050718RVaPDbPDcHDd2011-03-25iLF1l0ov. 2, e. 2p26159-80r2020-06-25w2020-06-25y1zPerteneció a la biblioteca personal de Sonia Ginebra.ZNo se presta 001050718RVaPDbPDcHDd2011-04-08iLF1l0ov. 3p26159-90r2020-06-25w2020-06-25y1ZNo se presta c25651d25651